| 000 | 01245nam0a2200349 4500 | ||
|---|---|---|---|
| 001 | RU\NLR\BIBL_A\022328999 | ||
| 005 | 20260420014806.0 | ||
| 010 | _a978-5-0064-0839-5 | ||
| 021 |
_aRU _bКН-П-24-046587 _9КН-П-24-4634 |
||
| 035 | _a(NLR Aleph) 022328999 | ||
| 090 |
_a13665430 _c13665430 |
||
| 100 | _a20240920d2024 u y0rusy50 ca | ||
| 101 | 0 | _arus | |
| 102 | _aRU | ||
| 105 | _aa w 000yy | ||
| 181 | 0 |
_ai _baxxe |
|
| 182 | 0 | _an | |
| 200 | 1 |
_aЕвангелие Царствия _fСергей Дудин |
|
| 203 |
_aТекст _bвизуальный _cнепосредственный |
||
| 210 |
_a[Б. м.] _cИздательские решения _d2024 |
||
| 215 |
_a390, [6] с. _cтабл. _d21 |
||
| 320 | _aБиблиогр.: с. 389–390 | ||
| 333 | _a16+ | ||
| 500 | 1 | 0 |
_aБиблия _iН.З. _iЕвангелие _92631082 _3RU\NLR\AUTH\553145 |
| 605 |
_aБиблия _iНовый Завет _xИсследование текста _xОригинальные теории _92476335 _3RU\NLR\AUTH\661470365 |
||
| 686 | 1 | _aЭ37-200.214.1я9 | |
| 686 | 1 | _aЭ37-220.2я9 | |
| 700 | 1 |
_aДудин _bС. _gСергей |
|
| 942 | _cBOOK | ||
| 980 | _aNB | ||